The Times compact history of the world and world atlas

Αποθηκεύτηκε σε:
Λεπτομέρειες βιβλιογραφικής εγγραφής
Συγγραφή απο Οργανισμό/Αρχή: Times Books (Firm)
Άλλοι συγγραφείς: Parker, Geoffrey 1943- (Επιμελητής έκδοσης)
Μορφή: Βιβλίο
Γλώσσα:English
Δημοσίευση: London : Times Books, 2005
Θέματα:
Ετικέτες: Προσθήκη ετικέτας
Δεν υπάρχουν, Καταχωρήστε ετικέτα πρώτοι!

MARC

LEADER 00000nam a2200000 i 4500
001 1/46822
008 070625s2005 eng d
020 |a 978-0-00-721354-2 (set) 
020 |a 0-00-721354-9 (set) 
020 |a 978-0-00-721411-2 (τ.1) 
020 |a 0-00-721411-1 (τ.1) 
035 |l 10088477 
040 |a GR-MY-UA  |b gre  |e aacr 
041 0 |a eng 
082 0 |a 909  |2 (22) 
245 1 4 |a The Times compact history of the world and world atlas /  |c edited by Geoffrey Parker ; Times Books 
260 |a London :   |b Times Books,   |c 2005 
300 |a 2τ.;  |b έγχρ. εικ., έγχρ. χάρτες;  |c 26 εκ. 
500 |a Οι δύο τόμοι περιέχονται σε μια θήκη 26 εκ. 
504 |a Περιέχει ευρετήριο 
650 0 0 |a World history. 
650 0 0 |a Atlases, British. 
700 1 |a Parker, Geoffrey  |d 1943-  |4 edt 
710 2 |a Times Books (Firm) 
740 0 2 |a The Times compact history of the world 
740 0 2 |a The Times world atlas 
852 |a INST  |b LESVOS  |e 20070625  |h 909 ΤΙΜ  |p 005100038008  |q 005100038008  |t BK  |y 0  |z τ.2 
852 |a INST  |b LESVOS  |e 20070625  |h 909 ΤΙΜ  |p 005100038009  |q 005100038009  |t BK  |y 0  |z τ.1 
852 |a INST  |b LESVOS  |e 20070625  |h 909 ΤΙΜ  |p 005100038008  |q 005100038008  |t BK  |v τ.2:  |y 0  |z τ.2 
852 |a INST  |b LESVOS  |e 20070625  |h 909 ΤΙΜ  |p 005100038009  |q 005100038009  |t BK  |v τ.1:  |y 0  |z τ.1 
853 |a INST  |b LESVOS  |h 909 ΤΙΜ 
901 |a BIBL1-2007-2 
909 |a Λ  |b 135367 
909 |a Λ  |b 135368 
922 |a 1ΕΛΗ  |b 200706  |c ΕΠΕΑΕΚ2/ΤΚ  |d ΠΑΠΑΣΩΤΗΡΙΟΥ 
970 |a ΚΑΡΑ  |b ΓΙΑΣΕΜΗ  |z 2007/06/25